Fr. Conceicao Rodrigues College of Engineering

Introduction to Parallel computing: A practical guide with examples in C (Record no. 29437)

MARC details
000 -LEADER
fixed length control field 00368nam a2200145Ia 4500
082 ## - DEWEY DECIMAL CLASSIFICATION NUMBER
Classification number 4.35
Item number PET
100 ## - MAIN ENTRY--PERSONAL NAME
Personal name Petersen/W.P/ Arbenz/P
245 ## - TITLE STATEMENT
Title Introduction to Parallel computing: A practical guide with examples in C
260 ## - PUBLICATION, DISTRIBUTION, ETC.
Name of publisher, distributor, etc. Oxford university press
Date of publication, distribution, etc. 2004
366 ## - TRADE AVAILABILITY INFORMATION
Publishers's discount category 25
300 ## - PHYSICAL DESCRIPTION
Extent 259
546 ## - LANGUAGE NOTE
Language note ENGLISH
-- Computers
942 ## - ADDED ENTRY ELEMENTS (KOHA)
Koha item type BOOK
Holdings
Withdrawn status Lost status Damaged status Not for loan Collection Home library Current library Date acquired Source of acquisition Cost, normal purchase price Inventory number Total Checkouts Full call number Barcode Date last seen Cost, replacement price Price effective from Koha item type
        CRC Fr. Agnel's C.Rodrigues College of Engineering Fr. Agnel's C.Rodrigues College of Engineering 17/03/2023 Book World 157.50 291dt 19/04/2011   4.35 PET 21515 17/03/2023 210.00   BOOK